<?xml version="1.0" encoding="UTF-8"?>
<resp>
  <nextPage>https://data.bn.org.pl/api/networks/bibs.marcxml?marc=001+b0000005889550&amp;sinceId=5889551</nextPage>
  <collection>
    <record xmlns='http://www.loc.gov/MARC21/slim'><leader>02425naa a2200697 i 4500</leader><controlfield tag='001'>b0000005889550</controlfield><controlfield tag='005'>20241203215040.2</controlfield><controlfield tag='008'>180131s2017    pl           |000 0 pol  </controlfield><controlfield tag='009'>9910430810905606</controlfield><datafield ind1=' ' ind2=' ' tag='015'><subfield code='a'>BL 2020/12/04</subfield></datafield><datafield ind1=' ' ind2=' ' tag='015'><subfield code='a'>BZCz 2018/6377</subfield></datafield><datafield ind1=' ' ind2=' ' tag='035'><subfield code='a'>991022373939705066</subfield></datafield><datafield ind1=' ' ind2=' ' tag='035'><subfield code='a'>(PL-WaBN)b58895504-48omnis_nlop</subfield></datafield><datafield ind1=' ' ind2=' ' tag='035'><subfield code='a'>b58895504</subfield></datafield><datafield ind1=' ' ind2=' ' tag='035'><subfield code='a'>(OCoLC)1036460662</subfield></datafield><datafield ind1=' ' ind2=' ' tag='035'><subfield code='a'>(PL)b0000005889550</subfield></datafield><datafield ind1=' ' ind2=' ' tag='040'><subfield code='a'>WA N</subfield><subfield code='c'>WA N</subfield><subfield code='d'>LUBL M</subfield><subfield code='d'>WA N</subfield></datafield><datafield ind1='0' ind2=' ' tag='041'><subfield code='a'>pol</subfield><subfield code='b'>eng</subfield></datafield><datafield ind1='2' ind2=' ' tag='045'><subfield code='b'>d1260</subfield><subfield code='b'>d1370</subfield></datafield><datafield ind1=' ' ind2=' ' tag='046'><subfield code='k'>2017</subfield></datafield><datafield ind1=' ' ind2=' ' tag='080'><subfield code='a'>94(438).01(045/046)</subfield></datafield><datafield ind1='1' ind2=' ' tag='100'><subfield code='a'>Jusiak, Paweł</subfield><subfield code='e'>Autor</subfield></datafield><datafield ind1='1' ind2='0' tag='245'><subfield code='a'>Władysław Łokietek i Kazimierz Wielki a miasto Lublin /</subfield><subfield code='c'>Paweł Jusiak.</subfield></datafield><datafield ind1=' ' ind2=' ' tag='260'><subfield code='c'>2017.</subfield></datafield><datafield ind1=' ' ind2=' ' tag='336'><subfield code='a'>Tekst</subfield><subfield code='b'>txt</subfield><subfield code='2'>rdacontent</subfield></datafield><datafield ind1=' ' ind2=' ' tag='337'><subfield code='a'>Bez urządzenia pośredniczącego</subfield><subfield code='b'>n</subfield><subfield code='2'>rdamedia</subfield></datafield><datafield ind1=' ' ind2=' ' tag='338'><subfield code='a'>Wolumin</subfield><subfield code='b'>nc</subfield><subfield code='2'>rdacarrier</subfield></datafield><datafield ind1=' ' ind2=' ' tag='380'><subfield code='a'>Artykuły</subfield></datafield><datafield ind1=' ' ind2=' ' tag='380'><subfield code='a'>Publikacje naukowe</subfield></datafield><datafield ind1='1' ind2=' ' tag='388'><subfield code='a'>2001-</subfield></datafield><datafield ind1=' ' ind2=' ' tag='546'><subfield code='a'>Streszczenie w języku angielskim.</subfield></datafield><datafield ind1='0' ind2='7' tag='600'><subfield code='a'>Kazimierz Wielki</subfield><subfield code='c'>(król Polski ;</subfield><subfield code='d'>1310-1370)</subfield><subfield code='2'>DBN</subfield></datafield><datafield ind1='0' ind2='7' tag='600'><subfield code='a'>Władysław Łokietek</subfield><subfield code='c'>(król Polski ;</subfield><subfield code='d'>ok. 1260-1333)</subfield><subfield code='2'>DBN</subfield></datafield><datafield ind1=' ' ind2='7' tag='648'><subfield code='a'>1201-1300</subfield><subfield code='2'>DBN</subfield></datafield><datafield ind1=' ' ind2='7' tag='648'><subfield code='a'>1301-1400</subfield><subfield code='2'>DBN</subfield></datafield><datafield ind1=' ' ind2='7' tag='651'><subfield code='a'>Lublin (woj. lubelskie)</subfield><subfield code='2'>DBN</subfield></datafield><datafield ind1=' ' ind2='7' tag='655'><subfield code='a'>Artykuł problemowy</subfield><subfield code='2'>DBN</subfield></datafield><datafield ind1=' ' ind2='7' tag='655'><subfield code='a'>Artykuł z czasopisma historycznego</subfield><subfield code='2'>DBN</subfield></datafield><datafield ind1=' ' ind2='7' tag='655'><subfield code='a'>Artykuł z czasopisma naukowego</subfield><subfield code='2'>DBN</subfield></datafield><datafield ind1=' ' ind2=' ' tag='658'><subfield code='a'>Historia</subfield></datafield><datafield ind1='0' ind2=' ' tag='773'><subfield code='i'>W:</subfield><subfield code='t'>Rocznik Lubelski (Lublin ; 2009).</subfield><subfield code='x'>0080-3510.</subfield><subfield code='g'>T. 43 (2017), s. 43-59</subfield><subfield code='w'>(PL)b0000002460314</subfield></datafield><datafield ind1=' ' ind2=' ' tag='852'><subfield code='b'>48OMNIS_NLOP</subfield><subfield code='8'>991022373939705066</subfield></datafield><datafield ind1=' ' ind2=' ' tag='852'><subfield code='b'>48OMNIS_NETWORK</subfield><subfield code='8'>9910430810905606</subfield></datafield><datafield ind1=' ' ind2=' ' tag='852'><subfield code='b'>48OMNIS_MPL</subfield><subfield code='8'>991002509478005069</subfield></datafield><datafield ind1=' ' ind2=' ' tag='950'><subfield code='u'>https://eu05.alma.exlibrisgroup.com/view/uresolver/48OMNIS_NETWORK/openurl?u.ignore_date_coverage=true&amp;portfolio_pid=53666690750005066&amp;Force_direct=true</subfield><subfield code='z'>Zobacz w Polonie</subfield><subfield code='8'>53666690750005066</subfield></datafield></record>
  </collection>
</resp>
